| 000 | 01467nam a2200445 i 4500 | ||
|---|---|---|---|
| 001 | 6875 | ||
| 003 | KOSZ 005 | ||
| 005 | 20191109103555.0 | ||
| 008 | 970510s1994 pl f |000 0 pol | ||
| 015 | _aPB 1994/7722 | ||
| 020 | _a8386141956 | ||
| 035 | _a991000610689705066 | ||
| 035 | _a(PL-WaBN)b10204581-48omnis_nlop | ||
| 035 | _ab10204581 | ||
| 035 | _a(OCoLC)830053824 | ||
| 035 | _a(PL)b0000001020458 | ||
| 035 | _a(EXLNZ-48OMNIS_NETWORK)9910494539405606 | ||
| 040 |
_aWA N _cWA N _dKOSZ 005/EC _dKOSZ 005/HR |
||
| 041 | _apol | ||
| 046 | _k1995 | ||
| 080 | _a657 | ||
| 100 | 1 |
_aGierusz, Jerzy _d(1952- ) _eAutor |
|
| 245 | 1 | 0 |
_aUproszczona księgowość małych firm / _cJerzy Gierusz. |
| 260 |
_aGdańsk : _bOśrodek Doradztwa i Doskonalenia Kadr, _c1994. |
||
| 300 |
_a166 s. ; _c21 cm. |
||
| 336 |
_2rdacontent _aTekst _btxt |
||
| 337 |
_2rdamedia _aBez urządzenia pośredniczącego _bn |
||
| 338 |
_2rdacarrier _aWolumin _bnc |
||
| 380 | _aKsiążki | ||
| 380 | _aPublikacje fachowe | ||
| 388 | _a1901-2000 | ||
| 388 | _a1989-2000 | ||
| 504 | _aBibliogr. s. 159, wykaz aktów prawnych s. 160-166. | ||
| 650 | 7 |
_aRachunkowość _2DBN |
|
| 658 | _aGospodarka, ekonomia, finanse | ||
| 710 | 2 |
_aOśrodek Doradztwa i Doskonalenia Kadr w Gdańsku _4pbl |
|
| 856 |
_uhttp://koha.tu.koszalin.pl/cgi-bin/koha/opac-detail.pl?biblionumber=6875 _yKatalog online BPK |
||
| 942 |
_2UKD _cKS |
||
| 999 |
_c6875 _d6875 |
||